Statistics for New Zealand Monopoly Board Quiz

Click here to take the quiz!

General Stats

  • This quiz has been taken 52 times
  • The average score is 11 of 36

Answer Stats

location% Correct
Q{ueen} Street
Auckland
95%
L{ambton} Quay
Wellington
78%
C{athedral} Square
Christchurch
63%
M{arine} Parade
Napier
55%
H{igh} Street
Lower Hutt
48%
E{ast} Street
Papakura
45%
V{ictoria} Avenue
Whanganui
43%
F{rankton} Junction
40%
D{ee} Street
Invercargill
38%
Free Parking
38%
Go
38%
Jail
38%
Community Chest
35%
Chance
33%
D{evon} Street
New Plymouth
33%
P{rinces} Street
Dunedin
30%
T{rafalgar} Street
Nelson
30%
Water Works
30%
P{almerston} Street
Westport
28%
G{arden} Place
Hamilton
23%
Income Tax
23%
T{hames} Street
Morrinsville
23%
B{alclutha} Station
20%
F{enton} Street
Rotorua
20%
Go to Jail
20%
T{aumarunui} Station
20%
B{ank} Street
Whangarei
18%
S{tafford} Street
Timaru
18%
Super Tax
18%
C{ameron} Road
Tauranga
15%
Electric Company
15%
G{ladstone} Road
Gisborne
15%
K{aikoura} Station
15%
M{ackay} Street
Thames
13%
R{angitikei} Street
Palmerston North
13%
M{arket} Street
Hastings
10%

Score Distribution

Percentile by Number Answered

Percent of People with Each Score

Your Score History

You have not taken this quiz